02053nam a2200349Ia 4500001001200000003000800012006001900020007001500039008004100054010001700095020002700112040002100139035002000160050002300180082001800203110015600221245037300377260005600750300001700806500018200823504004101005505018901046533015201235650003101387650004501418655002901463700001901492700002601511700002301537710001701560856012601577ebr10115243CaPaEBRm u cr cn|||||||||051118s2005 dcu sb 000 0 eng d z 2005033697 z030909951X (pbk. book) aCaPaEBRcCaPaEBR a(OCoLC)8437330314aRA665b.I57 2005eb04a363.34/972222 aInstitute of Medicine (U.S.).bCommittee on Measures to Enhance the Effectiveness of the CDC Quarantine Station Expansion Plan for U.S. Ports of Entry.10aQuarantine stations at ports of entryh[electronic resource] :bprotecting the public's health /cCommittee on Measures to Enhance the Effectiveness of the CDC Quarantine Station Expansion Plan for U.S. Ports of Entry, Board on Global Health, Board on Population Health and Public Health Practice ; Laura B. Sivitz, Kathleen Stratton, and Georges C. Benjamin, editors. aWashington, DC :bNational Academies Press,cc2005. axvii, 314 p. a"This study was supported by Contract No. 200-2000-00629, Task Order No. 31 between the National Academy of Sciences and the Centers for Disease Control and Prevention"--Galley. aIncludes bibliographical references.0 aContext and content of the CDC quarantine station expansion plan -- Today's CDC quarantine stations at U.S. ports of entry -- Bridge from present to future: vision and recommendations. aElectronic reproduction.bPalo Alto, Calif. :cebrary,d2009.nAvailable via World Wide Web.nAccess may be limited to ebrary affiliated libraries. 0aQuarantinezUnited States. 0aBioterrorismzUnited StatesxPrevention. 7aElectronic books.2local1 aSivitz, Laura.1 aStratton, Kathleen R.1 aBenjamin, Georges.2 aebrary, Inc.40uhttp://site.ebrary.com/lib/rucke/Doc?id=10115243zAn electronic book accessible through the World Wide Web; click to view